000
00324nam a22001457a 4500
003
SGT
020
_a
978-93-80316-27-7
082
_a
615.321
_b
E13K
100
_a
KAR, ASHUTOSH
245
_a
ESSENTIALS OF PHARMACOGNOSY
260
_a
NEW DELHI
_b
AHUJA PUB
_c
2013
300
_a
634+22
650
_a
PHARMACY
942
_2
ddc
_c
BK
999
_c
11072
_d
11072